000
00229nam a2200097 a 4500
008
111125s1995|||| d
245
1
0
_a
Severovýchodné Slovensko
260
_b
DINO
_a
Prešov
_c
1995
020
_c
30
044
_a
xo
_c
SK
999
_c
19874
_d
19874